| 000 | 00531cam a2200181 a 4500 | ||
|---|---|---|---|
| 020 | _a0408014571 (pbk.) | ||
| 082 | 0 | 0 |
_a624.1513 _bBEI _cL-16, P-53 |
| 100 | 1 |
_aBell, F. G. _942521 |
|
| 245 | 1 | 0 |
_aEngineering properties of soils and rocks / _cF.G. Bell. |
| 250 | _a2nd ed. | ||
| 260 |
_aLondon ; _aBoston : _bButterworths, _c1983. |
||
| 300 |
_a149 p. : _bill. ; _c24 cm. |
||
| 526 |
_a0 _b0 _c0 _d624_151300000000000_BEI |
||
| 650 | 0 |
_aMCE _9379 |
|
| 650 | 0 |
_aRock mechanics. _923489 |
|
| 650 | 0 | _aSoil mechanics. | |
| 942 |
_2ddc _cBK |
||
| 999 |
_c546392 _d546392 |
||